| 000 | 02277nam a22001577a 4500 | ||
|---|---|---|---|
| 999 |
_c514189 _d514189 |
||
| 008 | 201013b ||||| |||| 00| 0 eng d | ||
| 100 |
_a Kaushal, Shyam and Jalan, Stuti _918586 |
||
| 245 | _aA study of occupational stress and workplace spirituality in Himachal Pradesh police | ||
| 260 | _aProductivity : A Quarterly Journal of The National Productivity Council | ||
| 300 | _a60(4), Jan-Mar, 2020: p.434-442 | ||
| 520 | _aOccupational stress has become pervasive in nearly all workplaces. The negative effects of occupational stress have become a serious concern for the management. They constantly endeavour to take initiatives in order to control stress. Policing has been identified to be one of the most stressful occupations. Numerous studies have identified the level and sources of job stress in police which result in lower productivity and efficiency of the individuals. Lately, workplace spirituality has been identified to improve the overall functioning of an organization. The study attempts to examine the relationship and impact of workplace spirituality on occupational stress in H.P. police. The study was conducted on 118 police personnel from Shimla and Solan districts of Himachal Pradesh. The results of the study showed that there exists a negative and significant relationship between occupational stress and workplace spirituality. The study also revealed a significant impact of workplace spirituality on occupational stress. Amongst them, sense of community and alignment of organizational values had the most significant impact on occupational stress. Lack of alignment of organizational values was identified as the major cause which resulted in low workplace spirituality. It is suggested that efforts should be taken to strengthen the alignment between organizational and individual values. Also, the decision makers in the state police should focus on nurturing the spiritual aspect of police personnel at workplace in order to control stress. - Reproduced | ||
| 650 |
_aOccupational stress, Workplace spirituality, Office politics, Organization, corporate culture _918587 |
||
| 773 | _aProductivity : A Quarterly Journal of The National Productivity Council | ||
| 906 | _aORGANIZATIONAL BEHAVIOUR - INDIA - HIMACHAL PRADESH | ||
| 942 | _cAR | ||